Fifa Soccer 14 Top 10 Shooters - Statistics

General Stats
  • This quiz has been taken 1,532 times
  • The average score is 7 of 10
Answer Stats
Country/Shooting Answer % Correct
Portugal/90 Christiano Ronaldo
100%
Argentina/89 Lionel Messi
99%
Sweden/89 Zlatan Ibrahimović
94%
England/87 Wayne Rooney
91%
Netherlands/89 Robin Van Persie
87%
Colombia/86 Falcao
78%
Spain/86 David Villa
56%
Germany/86 Marco Reus
43%
Germany/87 Lukas Podolski
27%
Italy/86 Antonio Di Natale
24%
No matching quizzes found
Score Distribution
Percent of People with Each Score
Percentile by Number Answered
Your Score History
You have not taken this quiz